The teacher / (Record no. 169721)
[ view plain ]
| 000 -LEADER | |
|---|---|
| fixed length control field | 00645nam a22001937a 4500 |
| 005 - DATE AND TIME OF LATEST TRANSACTION | |
| control field | 20191202112638.0 |
| 010 ## - LCCN (DPL NO) | |
| LC control number | ENG-127031 |
| 020 ## - INTERNATIONAL STANDARD BOOK NUMBER | |
| Terms of availability | 500.00 |
| International Standard Book Number | 9788192230788 |
| 035 ## - SYSTEM CONTROL NUMBER | |
| System control number | EN-110563 |
| 037 ## - SOURCE OF ACQUISITION | |
| Source of stock number/acquisition | DBAD/PUB |
| 082 ## - DEWEY DECIMAL CLASSIFICATION NUMBER | |
| Classification number | 370.1 |
| 245 ## - TITLE STATEMENT | |
| Title | The teacher / |
| Statement of responsibility, etc | ed.by Jayaprabha Asore [and] Smita Swami |
| 260 ## - PUBLICATION, DISTRIBUTION, ETC. (IMPRINT) | |
| Place of publication, distribution, etc | Mumbai |
| Name of publisher, distributor, etc | Ketaki Prakashan |
| Date of publication, distribution, etc | 2014 |
| 270 ## - ADDRESS | |
| Address | Ajay Deep House, 22-Second Floor, 240- Perin Nariman Street, Fort |
| City | Mumbai |
| Postal code | 400001 |
| Electronic mail address | info@ketakiprakashan.com |
| Telephone number | 022-22665891, 9820338284 |
| 300 ## - PHYSICAL DESCRIPTION | |
| Extent | 245p. |
| Dimensions | 24cm(pbk) |
| 700 ## - ADDED ENTRY--PERSONAL NAME | |
| Personal name | Jayaprabha Asore |
| 700 ## - ADDED ENTRY--PERSONAL NAME | |
| Personal name | Smita Board |
| 942 ## - ADDED ENTRY ELEMENTS (KOHA) | |
| Source of classification or shelving scheme | Dewey Decimal Classification |
| Item type | English Books |
| Classification part | 370.1 |
| Call number suffix | THE |
| Withdrawn status | Lost status | Not for loan | Collection code | Home library | Current library | Date acquired | Source of acquisition | Cost, normal purchase price | Full call number | Barcode | Copy number | Cost, replacement price | Koha item type |
|---|---|---|---|---|---|---|---|---|---|---|---|---|---|
| Non-fiction | Sarojini Nagar | Sarojini Nagar | 02/12/2019 | DBAD/PUB | 500.00 | 370.1 THE | EN-110563 | 1 | 500.00 | English Books |
